00599 2200205 4500001002100000005001500021035002000036007000300056008004100059020000600100082001500106084002100121100002200142245010900164260004800273300002600321650001200347650002100359990001300380INLIS00000000000095920240621020844 a0010-0624000073ta240621 g 0 ind  a- a331.103.22 a331.103.22 GAS p0 aGaspersz, Vincent1 aPerencanaan Strategik untuk Peningkatan Kinerja Sektor Publik Suatu Petunjuk Praktek :bVincent Gaspersz aJakarta :bPT Gramedia Pustaka Utama,c2004 a97 hlm. :b- ;c24 cm 4aKinerja 4aPelayanan Publik aBUN01438